Die Oderhähne lassen Dampf ab. (Titelsatznr. 370758)
[ MARC ]
| 000 -Satzkennung | |
|---|---|
| Kontrollfeld mit fester Länge | 00808nam a22002057a 4500 |
| 008 - Feld mit fester Länge zur physischen Beschreibung - Allgemeine Angaben | |
| Kontrollfeld mit fester Länge | 201130b ||||| |||| 00| 0 eng d |
| 040 ## - Katalogisierungsquelle | |
| Katalogisierungssprache | ger |
| Übertragungsstelle | DE-2950 |
| Beschreibungsfestlegungen | rda |
| Original-Katalogisierungsstelle | DE-2950 |
| 041 ## - Sprachcode | |
| Sprachcode des Textes/der Tonspur oder des separaten Titels | ger |
| 100 ## - Person oder Familie als 1. geistiger Schöpfer | |
| Personenname | Sandow, Karin: |
| 245 ## - Titel | |
| Haupttitel | Die Oderhähne lassen Dampf ab. |
| Titelzusatz | Kultur: Das Sommertheater im Biergarten des Theaters in Frankfurt geht zu Ende. Doch zuvor stand ein neues Kabarett-Stück auf dem Programm / |
| Verantwortlichkeitsangabe | Karin Sandow |
| 264 ## - Veröffentlichungsangabe, Vertriebsangabe, Herstellungsangabe | |
| Erscheinungs-, Vertriebs-, Herstellungsdatum | 2021 |
| 653 ## - Lokales Schlagwort | |
| Nicht-normierter Term | Frankfurt (Oder) |
| 653 ## - Lokales Schlagwort | |
| Nicht-normierter Term | Kabarett |
| 653 ## - Lokales Schlagwort | |
| Nicht-normierter Term | Premiere / "Mensch ärgere mich nicht" |
| 773 ## - Übergeordnete Einheit | |
| Ort, Verlag und Erscheinungsjahr | Frankfurt (Oder): Märkisches Verlags- und Druckhaus GmbH & Co KG |
| Verknüpfungsangaben | 32. Jahrgang (2021) Nr. 200 vom 28./29.08.2021, S. 18: Foto |
| Titel | Märkische Oderzeitung |
| 942 ## - Zusätzliche Felder (Koha) | |
| Koha-Medientyp | Aufsätze |
| Ausgeschieden | Verloren | Beschädigt | Nicht entleihbar | Permanenter Standort | Aktueller Standort | Aufstellungsort | Eingabedatum | Anzahl Ausleihen | Signatur | Letzte Aktivität | Preis gültig von | Medientyp |
|---|---|---|---|---|---|---|---|---|---|---|---|---|
| Stadtarchiv Frankfurt (Oder) | Archivbibliothek | Stadtarchiv Frankfurt (Oder) | Archivbibliothek | Magazin | 10/09/2021 | Z2 | 10/09/2021 | 10/09/2021 | Aufsätze |